00374nam a2200157Ia 4500008004100000020001500041041001200056082001100068100001300079245005300092250000800145260002500153300001000178650000700188700002100195221030s9999 xx 000 0 und d a0070601739 aEnglish a105.23 aM. Nahvi 0aElectric Circuitscby M. Nahvi, J. A. Edminister a4th bTMHaNew Delhic2009 a18.38 aEE aJ. A. Edminister